How to get it right first time (Record no. 118163)
[ view plain ]
| 000 -LEADER | |
|---|---|
| fixed length control field | 01013cam a2200217 4500 |
| 001 - CONTROL NUMBER | |
| control field | ABS68381 |
| 008 - FIXED-LENGTH DATA ELEMENTS--GENERAL INFORMATION | |
| fixed length control field | 041014n2004 000 0 eng u |
| 035 ## - SYSTEM CONTROL NUMBER | |
| System control number | (Sirsi) u127705 |
| 100 ## - MAIN ENTRY--PERSONAL NAME | |
| Personal name | Sanderson, P. |
| 245 ## - TITLE STATEMENT | |
| Title | How to get it right first time |
| 260 ## - PUBLICATION, DISTRIBUTION, ETC. | |
| Date of publication, distribution, etc. | 2004 |
| 490 ## - SERIES STATEMENT | |
| Series statement | Estates Gazette |
| Volume/sequential designation | (0430) 25 September 2004, 132(1) |
| 520 ## - SUMMARY, ETC. | |
| Summary, etc. | Outlines measures taken by the Valuation Office Agency (VOA) to provide information on the new rating assessments for all businesses which come into effect in April 2005. The measures include the publication of draft rating lists on www.voa.gov.uk, setting up a helpline (t+44 (0)845 602 1507) for ratepayers to inform the VOA of any changes to their property and a dedicated website www.mybusinessrates.gov.uk to assist ratepayers to calculate their new rate liability. |
| 590 ## - LOCAL NOTE (RLIN) | |
| Local note | ABS |
| 590 ## - LOCAL NOTE (RLIN) | |
| Local note | ABS |
| 650 ## - SUBJECT ADDED ENTRY--TOPICAL TERM | |
| Topical term or geographic name entry element | NON-DOMESTIC RATES |
| 650 ## - SUBJECT ADDED ENTRY--TOPICAL TERM | |
| Topical term or geographic name entry element | RATING ASSESSMENTS |
| 650 ## - SUBJECT ADDED ENTRY--TOPICAL TERM | |
| Topical term or geographic name entry element | RATING LISTS |
| 690 ## - LOCAL SUBJECT ADDED ENTRY--TOPICAL TERM (OCLC, RLIN) | |
| Topical term or geographic name as entry element | RATING AND LOCAL TAXATION |
| 942 ## - ADDED ENTRY ELEMENTS (KOHA) | |
| Suppress in OPAC | 0 |
| Withdrawn status | Lost status | Source of classification or shelving scheme | Damaged status | Not for loan | Home library | Current library | Shelving location | Date acquired | Total Checkouts | Full call number | Barcode | Date last seen | Copy number | Price effective from | Koha item type |
|---|---|---|---|---|---|---|---|---|---|---|---|---|---|---|---|
| Dewey Decimal Classification | London | London | Journal article | 14/10/2004 | ABS68381 | 127705-1001 | 06/08/2019 | 1 | 06/08/2019 | Journal article |